000 00526nam a22001937a 4500
005 20240304144451.0
008 240304b |||||||| |||| 00| 0 eng d
020 _a9780071161473
082 _a005.133
_bCOH-C
100 _aCohoon, James P.
245 _aC++ program design /
_cJack W.Davidson.
250 _a2nd ed.
260 _aindia:
_bMc Graw-Hill;
_c1999.
300 _axviii,896 p:
_bill,
_c23 cm.
500 _aInclude Index.
650 _aComputer Science/Programming
700 _aJack W.Davidson.
999 _c35204
_d35204